State of the world's minorities 2007 : (Record no. 4652)
[ view plain ]
| 000 -LEADER | |
|---|---|
| fixed length control field | 00609nam a2200157 4500 |
| 008 - FIXED-LENGTH DATA ELEMENTS--GENERAL INFORMATION | |
| fixed length control field | 240118b |||||||| |||| 00| 0 eng d |
| 020 ## - ISBN | |
| ISBN | 1904584594 |
| 082 ## - DEWEY DECIMAL CLASSIFICATION NUMBER | |
| Classification number | 305.56 |
| Item number | MIN |
| 942 ## - ADDED ENTRY ELEMENTS (KOHA) | |
| Item Type | Reports |
| 110 ## - MAIN ENTRY--CORPORATE NAME | |
| Corporate Name | Minority Rights Group |
| 245 ## - TITLE STATEMENT | |
| Title | State of the world's minorities 2007 : |
| Sub Title | events of 2006 |
| 260 ## - PUBLICATION, DISTRIBUTION, ETC. (IMPRINT) | |
| Place of Publication | London: |
| Name of Publisher | Minority Rights Group, |
| Date of Copyright | 2007 |
| 300 ## - PHYSICAL DESCRIPTION | |
| Extent | 148 p. : col ill., maps, charts ; 24 cm |
| Physical Details | Bibliography included |
| 856 ## - ELECTRONIC LOCATION AND ACCESS | |
| Uniform Resource Identifier | <a href="https://www.minorityrights.org/wp-content/uploads/old-site-downloads/download-119-State-of-the-Worlds-Minorities-2007.pdf">https://www.minorityrights.org/wp-content/uploads/old-site-downloads/download-119-State-of-the-Worlds-Minorities-2007.pdf</a> |
| 650 ## - SUBJECT ADDED ENTRY--TOPICAL TERM | |
| Topical Term | Minorities- Social conditions |
| Withdrawn status | Lost status | Source of classification or shelving scheme | Damaged status | Not for loan | Permanent location | Current location | Date acquired | Total Checkouts | Full call number | Barcode | Date last seen | Price effective from | Koha item type |
|---|---|---|---|---|---|---|---|---|---|---|---|---|---|
| Dewey Decimal Classification | Resource center, Muslim Women's Research And Action Forum | Resource center, Muslim Women's Research And Action Forum | 2024-01-18 | 305.56 MIN | RAF4777 | 2024-01-18 | 2024-01-18 | Reports |

